| 000 | 00389nam a2200145Ia 4500 | ||
|---|---|---|---|
| 008 | 230719s9999 xx 000 0 und d | ||
| 041 | _aeng | ||
| 082 |
_a629.234 _bCHA |
||
| 100 |
_aChacko P. _9115961 |
||
| 245 |
_aSmall Wonder _bThe Making Of The Nano |
||
| 260 |
_c2010 _bWestland Ltd. |
||
| 300 | _a149 | ||
| 365 |
_cRs. _b148.00 |
||
| 700 |
_aChacko P.; Noronha C. & Agrawal S. _9191841 |
||
| 999 |
_c354454 _d354454 |
||